000 00386pab a2200157 454500
008 180718b2008 xxu||||| |||| 00| 0 eng d
100 _aSharma, Anil
245 _aIs higher demand for biofuels fuelling food prices?
260 _c2008
300 _ap.37-40.
362 _a9 Aug
650 _aFood supply
773 _aEconomic and Political Weekly
908 _aN
909 _a79103
999 _c79103
_d79103